000 01216nam a22002657a 4500
005 20170124103054.0
010 _aA-243215
020 _c60.00
035 _aA-243215
037 _bCen Lib/Ret
040 _aDPL
_bHN
082 _a
_bबिहार
245 _aबिहार की हिंदी कहानियां /
_cसंपादक रोबिन शॉ पुष्प [एवं] विकास कुमार झा
246 _aBihar ki hindi kahaniyan /
_bsampadak Robin shaw Pushp [evam] Vikas Kumar Jha
260 _a दिल्ली
_bकल्पतरु
_c1985
270 _b दिल्ली
_a१९२-बी, नेहरु गली, विश्वास नगर
_e110032
300 _a318पृ.
_c16सेमी(सजिल्द )
650 _aहिंदी साहित्य
_x
_z
_971325
650 _aहिंदी साहित्य
_xकहानियां
_971326
650 _aHindi literature
_971327
650 _aHindi literature
_xstories
_971328
700 _aरोबिन शॉ पुष्प
_961212
700 _aझा, विकास कुमार
_944133
942 _2ddc
_cHN
_h
_mबिहार
999 _c117317
_d117317